| 000 | 00523nam a22001217a 4500 | ||
|---|---|---|---|
| 999 |
_c38583 _d38583 |
||
| 082 | _aRG.0240 | ||
| 100 |
_aGundimeda, Nagaraju _uDepartment of sociology, School of social sciences, University of hyderabad _v Hyderabad -500046 |
||
| 245 |
_aEducation status of scheduled castes in andhra pradesh: _bAttainments and challenges / _cNagaraju Gundimeda |
||
| 260 |
_a Hyderabad -500046 : _bDepartment of sociology, School of social sciences, University of hyderabad, _c2014 |
||
| 300 | _a150p. | ||
| 536 | _aICSSR | ||
| 942 |
_2ddc _cRP |
||